|
|
|
|
| LEADER |
00000naa2a2200000 4500 |
| 001 |
396036 |
| 005 |
20231101064724.0 |
| 035 |
|
|
|a (RuTPU)RU\TPU\prd\33775
|
| 035 |
|
|
|a RU\TPU\prd\33727
|
| 090 |
|
|
|a 396036
|
| 100 |
|
|
|a 20050315a2003 k y0rusy50 ca
|
| 101 |
0 |
|
|a rus
|
| 102 |
|
|
|a RU
|
| 200 |
1 |
|
|a МБИАЦ: 5 лет и 3 года. Главные результаты, успехи и проблемы
|f Я. Л. Шрайберг
|g Государственная публичная научно-техническая библиотека России
|
| 225 |
1 |
|
|a 9-я Международная конференция "Библиотеки и ассоциации в меняющемся мире: новые технологии и новые формы сотрудничества" - "Крым-2002"
|
| 461 |
|
0 |
|0 (RuTPU)RU\TPU\prd\1594
|x 0130-9765
|t Научные и технические библиотеки
|o ежемесячный сборник по вопросам теории и практики библиотечного дела
|f Государственная публичная научно-техническая библиотека России
|d 1994-
|
| 463 |
|
0 |
|0 (RuTPU)RU\TPU\prd\13892
|t № 4
|v С. 13-17
|d 2003
|
| 610 |
1 |
|
|a МБИАЦ
|
| 610 |
1 |
|
|a концепция
|
| 610 |
1 |
|
|a успехи
|
| 610 |
1 |
|
|a результаты
|
| 610 |
1 |
|
|a проблемы
|
| 700 |
|
1 |
|a Шрайберг
|b Я. Л.
|g Яков Леонидович
|
| 712 |
0 |
2 |
|a Государственная публичная научно-техническая библиотека России
|2 stltpush
|3 (RuTPU)RU\TPU\col\602
|
| 801 |
|
1 |
|a RU
|b 63413507
|c 20050311
|g PSBO
|
| 801 |
|
2 |
|a RU
|b 63413507
|c 20060602
|g PSBO
|
| 942 |
|
|
|c BK
|